Titres de films sans VOYELLES - Statistiques

Statistiques générales
  • Ce quiz a été pris 67 fois
  • Le résultat moyen est 14 sur 20
Statistiques - réponses
Titre sans voyelles Film % Correct
Bnvn chz ls chts Bienvenue chez les Ch'tis
98%
Jrssc Prk Jurassic Park
97%
Tp Gn Top Gun
97%
Plp Fctn Pulp Fiction
93%
Vry Bd Trp Very Bad Trip
92%
Scrfc Scarface
90%
Jkr Joker
89%
Gldtr Gladiator
87%
Ls nfltrs Les Infiltrés
85%
Th Scl Ntwrk The Social network
77%
Ddpl Deadpool
72%
ncptn Inception
69%
ntchbls Intouchables
67%
Djng nchnd Django Unchained
64%
rrt-m s t px Arrête-moi si tu peux
59%
mrcn Psch American Psycho
48%
N Cntr fr ld Mn No country for Old Men
46%
vtr Avatar
39%
l hn La Haine
38%
Mmnt Memento
34%
Aucun quiz correspondant
Distribution des résultats
% des personnes avec chaque résultat
Percentile par nombre de réponses
Votre historique - résultats
Vous n’avez pas pris ce quiz